Pohřební průvodci : o dobrém loučení s těmi, na kterých vám záleží /
Uloženo v:
| Hlavní autor: | |
|---|---|
| Další autoři: | |
| Médium: | Kniha |
| Jazyk: | Czech |
| Vydáno: |
V Brně :
CPress,
2026
|
| Vydání: | 1. vydání |
| Témata: | |
| Celkem bylo vypůjčeno: | 0x |
| Tagy: |
Žádné tagy |
| LEADER | 01551nam a2200421 i 4500 | ||
|---|---|---|---|
| 001 | 106723 | ||
| 003 | CZ PrNK | ||
| 005 | 20260702091118.0 | ||
| 007 | ta | ||
| 008 | 260618s2026 xr e f 000 0 cze | ||
| 015 | |a cnb003765094 | ||
| 020 | |a 9788026460237 |q (brožováno) : |c Kč 399,00 | ||
| 040 | |a OLA001 |b cze |d BOA001 |e rda | ||
| 072 | 7 | |a 393 |x Smrt. Pohřby. Obyčeje při úmrtí |2 Konspekt |9 1 | |
| 080 | |a 393 |2 MRF | ||
| 080 | |a 338.46:393 |2 MRF | ||
| 080 | |a (035) |2 MRF | ||
| 100 | 1 | |a Vojtíšek, Oleg |7 ola20261301931 |4 aut |9 45876 | |
| 245 | 1 | 0 | |a Pohřební průvodci : |b o dobrém loučení s těmi, na kterých vám záleží / |c Oleg Vojtíšek, Veronika Žáčiková |
| 250 | |a 1. vydání | ||
| 264 | 1 | |a V Brně : |b CPress, |c 2026 | |
| 300 | |a 261 stran ; |c 22 cm | ||
| 336 | |a text |b txt |2 rdacontent | ||
| 337 | |a bez média |b n |2 rdamedia | ||
| 338 | |a svazek |b nc |2 rdacarrier | ||
| 504 | |a Obsahuje bibliografii | ||
| 650 | 0 | 7 | |a pohřby |7 ph124209 |2 czenas |
| 650 | 0 | 7 | |a pohřebnictví |7 ph124210 |2 czenas |9 88454 |
| 650 | 0 | 9 | |a burials |2 eczenas |
| 650 | 0 | 9 | |a funeral services |2 eczenas |
| 655 | 7 | |a příručky |7 fd133209 |2 czenas |9 155 | |
| 655 | 9 | |a handbooks and manuals |2 eczenas | |
| 700 | 1 | |a Žáčiková, Veronika |7 ola20261301933 |4 aut |9 117564 | |
| 710 | 2 | |a CPress (nakladatelství) |7 ko2016932359 |4 pbl |9 117184 | |
| 910 | |a UOG502 | ||
| 942 | |2 ddc |c KN | ||
| 999 | |d 106723 | ||
| 993 | |0 0 |1 421180107453 |2 ddc |4 0 |6 39_000000000000000 |7 0 |9 100238 |b 0 |c 107453 |d 2026-07-02 |e 0 |f DOSP |g 39 |h 399.00 |i Koupě |l DOSP |r 2026-07-02 |t 5 |w 2026-07-02 |y KN |z NAUCNA |n | ||